| 000 | 01129nam a2200277 a 4500 | ||
|---|---|---|---|
| 001 | 000007274 | ||
| 005 | 20260417112310.0 | ||
| 008 | 090723s2007 dr ad 001 0 spa d | ||
| 020 | _a9993499501 | ||
| 040 |
_aDO-SdBNP _bspa _cBNPHU |
||
| 082 |
_a305.235 _bC117p |
||
| 100 | 1 |
_aCabreja, Germán _913225 |
|
| 245 | 1 | 0 |
_aPrograma de desarrollo para jovenes y adolescentes : _bautoestima y educación sexual / _cGermán Cabreja ; colaboradores Rafael Cruz, Rosa Lina Valdez. |
| 246 | 1 | 4 |
_aPrograma de desarrollo personal, familiar y profesional : _bmanual de calidad de vida. |
| 260 |
_aSanto Domingo : _bCultural Hispanoamericana, _c[2007]. |
||
| 300 |
_a200 p. : _bil., gráfcs. ; _c28 cm. |
||
| 500 | _aLa biblioteca posee 3 ejemplares autografíados por la autora. | ||
| 590 | _aInventariado, 2018/VM | ||
| 650 | 0 |
_aAutoestima _9212 |
|
| 650 | 4 |
_aEducación sexual para jóvenes _9908 |
|
| 650 | 4 |
_aEducación para la vida familiar _92729 |
|
| 650 | 0 |
_aPsicología del adolescente _99034 |
|
| 700 | 1 |
_aCruz, Rafael, _ecol. _913226 |
|
| 700 | 1 |
_aValdez, Rosa Lina, _ecol. _913227 |
|
| 910 | _aValidado. Control de calidad EMS | ||
| 999 |
_c7055 _d7055 |
||